000 00594nam a2200229Ia 4500
003 OSt
005 20220918231527.0
006 a|||||r|||| 00| 0
007 ta
008 220917b |||||||| |||| 00| 0 eng d
024 _a304,176
037 _cTextual
040 _aARTS
_cARTS
_beng
041 _2eng
_aeng
082 _aO158,3NBH,1, 1591N1
100 _aMishra Purna Chandra
_9154927
245 0 _aYaruingam
260 _c1962
650 _aORIYA LITERATURE
_927692
942 _hO158,3NBH,1, 1591N1
_cTEXL
_2CC
999 _c291542
_d291542